01340nam a2200265 a 450000100100000000500170001000800410002702000150006804000250008308200170010810000340012524500890015926000440024830000200029250000210031261000430033365000460037604900090042295201300043195201300056195201300069195201150082195201210093699900170105700002756120240306115517.0090706s2004 dr 000 0 spa d a999347925x aDO-SdBNPbspacBNPHU a027.4bH558b1 aHernández, P. Jesús9546510aBiblioteca Antillense Salesiana (BAS) :bpuntualizaciones /cP. Jesús Hernández. aSanto Domingo :bEditora Búho,c2004. a97 p. ;c23 cm. aIncluye índice20aBiblioteca Antillense Salesiana 95466 4aBibliotecaszRepública Dominicana95467 aBNPD 001054708DSaGRbGRcHDd2014-07-15iLF1l0o027.4 H558bp27561-30r2020-06-25te. 3w2020-06-25yLFDSZPréstamo en sala 001054708DSaGRbGRcHDd2014-07-15iLF1l0o027.4 H558bp27561-40r2020-06-25te. 4w2020-06-25yLFDSZPréstamo en sala 001054708DSaGRbGRcHDd2014-07-15iLF1l0o027.4 H558bp27561-50r2020-06-25te. 5w2020-06-25yLFDSZPréstamo en sala 0010718PDaPDbPDcHDd2011-04-01iLF1l0o027.4 H558bp27561-10r2020-06-25w2020-06-25yLFPDZNo se presta 0010718PDaPDbPDcHDd2011-04-01iLF1l0o027.4 H558bp27561-20r2020-06-25te. 2w2020-06-25yLFPDZNo se presta c27053d27053